Nursing P. B. B. Sc. Solved Question Papers 2nd Year: 2008 To 2024 (Record no. 357977)

MARC details
000 -LEADER
fixed length control field 00603nam a22001937a 4500
005 - DATE AND TIME OF LATEST TRANSACTION
control field 20240527135146.0
008 - FIXED-LENGTH DATA ELEMENTS--GENERAL INFORMATION
fixed length control field 240527b |||||||| |||| 00| 0 eng d
020 ## - INTERNATIONAL STANDARD BOOK NUMBER
International Standard Book Number 978-81-910464-2-7
041 ## - LANGUAGE CODE
Language code of text/sound track or separate title eng
082 ## - DEWEY DECIMAL CLASSIFICATION NUMBER
Edition number 8th
Classification number PB 610 CLE B10997
Item number CLE
100 ## - MAIN ENTRY--PERSONAL NAME
Author Clement I
245 ## - TITLE STATEMENT
Title Nursing P. B. B. Sc. Solved Question Papers 2nd Year: 2008 To 2024
250 ## - EDITION STATEMENT
Edition statement 8th
260 ## - PUBLICATION, DISTRIBUTION, ETC.
Place of publication, distribution, etc. Bangalore
Name of publisher, distributor, etc. EMMESS Medical Pub.
Date of publication, distribution, etc. 2024
300 ## - PHYSICAL DESCRIPTION
Extent 668p
Other physical details Pb
Dimensions 27X21cm
365 ## - TRADE PRICE
Price type code Rupaye
Price amount 1475.00
Currency code INR
521 ## - TARGET AUDIENCE NOTE
Target audience note 2nd Year <br/>Nursing P. B. B. Sc.<br/>Solved Question Papers<br/>By I Clement
942 ## - ADDED ENTRY ELEMENTS (KOHA)
Koha item type Books
Holdings
Withdrawn status Lost status Source of classification or shelving scheme Damaged status Not for loan Home library Current library Date acquired Vendor Net Price Bill number Full call number Barcode Date last seen Discount Actual Price Bill Date Koha item type Original Barcode Total Checkouts Date last checked out Total Renewals
    Dewey Decimal Classification   Reference Smt. Bakul Tambat Institute of Nursing Education Smt. Bakul Tambat Institute of Nursing Education 27/05/2024 Varad Enterprises 1475.00 11/2024-25 PB 610 CLE B10997 BTIN-BK-10997 15/01/2025 472.00 1003.00 25/05/2024 Books BTIN-BK-10997      
    Dewey Decimal Classification     Smt. Bakul Tambat Institute of Nursing Education Smt. Bakul Tambat Institute of Nursing Education 27/05/2024 Varad Enterprises 1475.00 11/2024-25 PB 610 CLE B10998 BTIN-BK-10998 24/02/2026 472.00 1003.00 25/05/2024 Books BTIN-BK-10998 7 07/02/2026  
    Dewey Decimal Classification     Smt. Bakul Tambat Institute of Nursing Education Smt. Bakul Tambat Institute of Nursing Education 27/05/2024 Varad Enterprises 1475.00 11/2024-25 PB 610 CLE B10999 BTIN-BK-10999 20/02/2026 472.00 1003.00 25/05/2024 Books BTIN-BK-10999 10 07/02/2026 4
    Dewey Decimal Classification     Smt. Bakul Tambat Institute of Nursing Education Smt. Bakul Tambat Institute of Nursing Education 27/05/2024 Varad Enterprises 1475.00 11/2024-25 PB 610 CLE B11000 BTIN-BK-11000 20/02/2026 472.00 1003.00 25/05/2024 Books BTIN-BK-11000 11 07/02/2026 1
    Dewey Decimal Classification     Smt. Bakul Tambat Institute of Nursing Education Smt. Bakul Tambat Institute of Nursing Education 27/05/2024 Varad Enterprises 1475.00 11/2024-25 PB 610 CLE B11001 BTIN-BK-11001 06/01/2026 472.00 1003.00 25/05/2024 Books BTIN-BK-11001 13 19/12/2025 2